| 000 | 00578nam a22001577a 4500 | ||
|---|---|---|---|
| 003 | OSt | ||
| 005 | 20150913152918.0 | ||
| 008 | 150913b xxu||||| |||| 00| 0 eng d | ||
| 040 | _cRUA | ||
| 082 | _aAGR នាក់ 1996 B016 Or.1 | ||
| 100 |
_9400 _aនាក់ ថុន |
||
| 245 | _aTechniques of planting and upkeeped nursery young rubber in boeung ket rubber plantation company បច្ចេកទេសដាំដុះ និងការថែទាំកូនកៅស៊ូ | ||
| 260 |
_aPhnom penh _bRUA _c1996 |
||
| 300 |
_a75p. _bill. _c29cm. |
||
| 942 |
_2ddc _cAGR |
||
| 999 |
_c379 _d379 |
||